| 000 | 00744cab a2200205 4500 | ||
|---|---|---|---|
| 001 | WB2738-65 | ||
| 008 | 090401t1991 xxu||||| |||| 00| 0 eng d | ||
| 035 | _a(Sirsi) u1976 | ||
| 041 | _aeng | ||
| 245 | _aHeseltine`s winners in cash tangle | ||
| 260 | _c1991 | ||
| 350 | _a0 | ||
| 490 |
_aBuilding Design _v(1050) 27 September 1991, 1&32(1) |
||
| 520 | _aLocal authorities which won Michael Heseltine`s City Challenge, launched in the spring as a flagship for the Government`s drive to help deprived communities in the inner cities, are privately condemning the contest as a `con` and an organisational shambles. | ||
| 650 | _aCITY CHALLENGE | ||
| 650 | _aINNER CITIES | ||
| 690 | _aURBAN RENEWAL | ||
| 942 | _n0 | ||
| 948 | _c04/03/1997 | ||
| 999 |
_c1165 _d1165 |
||